And even now.

সংরক্ষণ করুন:
গ্রন্থ-পঞ্জীর বিবরন
প্রধান লেখক: Beerbohm, Max, Sir, 1872-1956
বিন্যাস: গ্রন্থ
ভাষা:English
প্রকাশিত: Lond. : Heinemann, 1922.
LEADER 00644nam a22001811 4500
001 c000356618
003 CARM
005 00000000000000.0
008 851029s1922 enk 0 eng d
019 1 |a 4023930  |z 28197497  |5 LACONCORD2021 
035 |a (OCoLC)3496367  |5 LACONCORD2021 
100 1 |a Beerbohm, Max,  |c Sir,  |d 1872-1956. 
245 1 0 |a And even now. 
260 |a Lond. :  |b Heinemann,  |c 1922. 
852 8 |b CARM  |h A1:AP34G0  |i B08005  |p 0355764  |f BK 
082 0 4 |a 824.9 
999 f f |i 534f7034-b828-568b-9d28-86f915c6b44c  |s 7404d8e5-6649-51f8-bb77-657ad8345ec0 
952 f f |p Can circulate  |a CAVAL  |b CAVAL  |c CAVAL  |d CARM 1 Store  |e B08005  |f A1:AP34G0  |h Other scheme  |i book  |m 0355764